000 00599nam a2200217Ia 4500
008 101110s9999 xx 000 0 und d
041 _aMARATHI
082 _bSR29923
100 _aKove Ganesh Ed.
245 _aJilha parishad karmachari bharati guide
260 _c0
_bNakshatra Prakashan, Aurangabad
300 _a287
365 _b110
520 _aCompetative Exams.
546 _aMARATHI
630 _aJilha parishad karmachari bharati guide
650 _aCompetative Exams.
655 _aCompetative Exams.
730 _aJilha parishad karmachari bharati guide
942 _cBOOK
999 _c822431
_d822428